[Event "CAN-op"]
[Site "Edmonton CAN"]
[Date "2000.07.15"]
[Round "9"]
[White "Kuczaj, Chris"]
[Black "Nystrom, Kurtis"]
[Result "1/2-1/2"]
[WhiteElo "2072"]
[BlackElo "1675"]
[PlyCount "72"]
[GameId "2160767911695017"]
[EventDate "2000.07.08"]
[EventType "swiss"]
[EventRounds "10"]
[EventCountry "CAN"]

1. Nf3 Nf6 2. c4 e6 3. g3 d5 4. Bg2 c5 5. O-O Be7 6. d4 O-O 7. cxd5 exd5 8. Nc3 Nc6 9. Bg5 cxd4 10. Nxd4 Bc5 11. Nb3 Be7 12. Bxf6 Bxf6 13. Qxd5 Qe7 14. Qe4 Be6 15. e3 Rfd8 16. Rfd1 Rab8 17. Nd4 Nxd4 18. exd4 Qd7 19. d5 Bf5 20. Qb4 b6 21. Rd2 Rbc8 22. Re1 Re8 23. Rde2 Rxe2 24. Rxe2 g6 25. h4 h5 26. Ne4 Rc1+ 27. Kh2 Bxe4 28. Bxe4 Kg7 29. Qd2 Rc8 30. Bf3 Re8 31. Rxe8 Qxe8 32. Bg2 Qe5 33. b3 Qd6 34. Kg1 a5 35. Qc2 Be7 36. a4 Qc5 1/2-1/2

[Event "CAN-op"]
[Site "Edmonton CAN"]
[Date "2000.07.15"]
[Round "9"]
[White "Langlois, Paul"]
[Black "Miller, Chris"]
[Result "0-1"]
[WhiteElo "1537"]
[BlackElo "1557"]
[PlyCount "88"]
[GameId "2160767911695018"]
[EventDate "2000.07.08"]
[EventType "swiss"]
[EventRounds "10"]
[EventCountry "CAN"]

1. f4 e5 2. Nf3 exf4 3. d4 d5 4. Bxf4 Bd6 5. e3 Ne7 6. Bd3 Bf5 7. O-O Bxd3 8. Qxd3 Ng6 9. g3 Nxf4 10. exf4 f6 11. Re1+ Kf7 12. c4 dxc4 13. Qxc4+ Kf8 14. Qe6 Nc6 15. d5 Bc5+ 16. Kg2 Nd4 17. Nxd4 Bxd4 18. Nc3 Qe8 19. Re4 Qxe6 20. dxe6 Bxc3 21. e7+ Kf7 22. bxc3 Rhe8 23. Rae1 c5 24. g4 g6 25. g5 f5 26. Re6 Rac8 27. c4 Rc7 28. a4 Rcxe7 29. Rxe7+ Rxe7 30. Rxe7+ Kxe7 31. h4 Kd6 32. h5 Kc6 33. hxg6 hxg6 34. a5 b5 35. axb6 axb6 36. Kf3 b5 37. cxb5+ Kxb5 38. Ke2 c4 39. Kd2 Kc5 40. Kc2 Kd4 41. Kd2 c3+ 42. Kd1 Ke3 43. Kc2 Kxf4 44. Kxc3 Ke3 0-1

[Event "CAN-op"]
[Site "Edmonton CAN"]
[Date "2000.07.15"]
[Round "9"]
[White "Lauritson, Jim"]
[Black "Gillanders, Robert"]
[Result "0-1"]
[WhiteElo "2057"]
[BlackElo "1871"]
[PlyCount "90"]
[GameId "2160767911695019"]
[EventDate "2000.07.08"]
[EventType "swiss"]
[EventRounds "10"]
[EventCountry "CAN"]

1. e4 e6 2. d3 d5 3. Nd2 c5 4. Ngf3 Nc6 5. g3 Nf6 6. Bg2 Be7 7. O-O O-O 8. Re1 Qc7 9. Nf1 dxe4 10. dxe4 Rd8 11. Qe2 e5 12. c3 Be6 13. Ng5 Bg4 14. f3 Bh5 15. g4 Bg6 16. Be3 Rd7 17. Ng3 h6 18. Nh3 Rad8 19. Qf2 b6 20. Bf1 Qb7 21. Be2 Nh7 22. Qg2 Ng5 23. Nf2 Ne6 24. Nh3 Bh4 25. Kh1 a6 26. Rg1 b5 27. Nf5 Bg5 28. Nxg5 hxg5 29. Qf2 Nf4 30. Bxf4 exf4 31. Rgd1 c4 32. Qg1 Ne5 33. Ne7+ Kf8 34. Nd5 Qc6 35. Nb4 Qc8 36. Qb6 Nxg4 37. fxg4 Bxe4+ 38. Kg1 f3 39. Rxd7 Rxd7 40. Bf1 Rd2 41. h3 Bb7 42. Qe3 Rxb2 43. Rd1 Qc7 44. Rd2 Qg3+ 45. Bg2 Rb1+ 0-1

[Event "CAN-op"]
[Site "Edmonton CAN"]
[Date "2000.07.15"]
[Round "9"]
[White "Leku, Eset"]
[Black "Taylor, Ian"]
[Result "1/2-1/2"]
[WhiteElo "1713"]
[BlackElo "1304"]
[PlyCount "85"]
[GameId "2160767911695020"]
[EventDate "2000.07.08"]
[EventType "swiss"]
[EventRounds "10"]
[EventCountry "CAN"]

1. e4 e6 2. d4 c5 3. c3 Nc6 4. Nf3 cxd4 5. cxd4 d5 6. exd5 exd5 7. Be2 Nf6 8. Bf4 Bg4 9. O-O Bxf3 10. Bxf3 Be7 11. Nc3 O-O 12. Re1 Bd6 13. Be5 Bxe5 14. dxe5 Nd7 15. e6 fxe6 16. Rxe6 Nc5 17. Re1 d4 18. Ne4 Nxe4 19. Bxe4 Qd7 20. Qd3 g6 21. Rad1 Rad8 22. Rd2 Ne5 23. Qb3+ Rf7 24. Red1 Nc6 25. Qc4 Kg7 26. Bxc6 Qxc6 27. Qxc6 bxc6 28. Rxd4 Rxd4 29. Rxd4 Re7 30. f3 c5 31. Rd2 Kf6 32. b3 a5 33. Kf2 Ra7 34. a4 Ke5 35. Ke3 Rf7 36. h4 h6 37. g3 g5 38. hxg5 hxg5 39. Rf2 Rb7 40. f4+ gxf4+ 41. gxf4+ Kf5 42. Kd3 Rxb3+ 43. Kc4 1/2-1/2

[Event "CAN-op"]
[Site "Edmonton CAN"]
[Date "2000.07.15"]
[Round "9"]
[White "Lentini, Joseph"]
[Black "Brodie, Hugh"]
[Result "1/2-1/2"]
[WhiteElo "2153"]
[BlackElo "1968"]
[PlyCount "132"]
[GameId "2160767911695021"]
[EventDate "2000.07.08"]
[EventType "swiss"]
[EventRounds "10"]
[EventCountry "CAN"]

1. e4 c5 2. Nc3 Nc6 3. g3 g6 4. Bg2 Bg7 5. d3 d6 6. Nge2 e5 7. O-O Nge7 8. Be3 O-O 9. Qd2 Nd4 10. Nd1 Be6 11. c3 Nxe2+ 12. Qxe2 Qd7 13. f4 Rac8 14. Nf2 f5 15. Rfd1 b6 16. d4 cxd4 17. cxd4 Bc4 18. Qd2 exf4 19. Bxf4 Ba6 20. e5 dxe5 21. dxe5 Qxd2 22. Rxd2 Rfd8 23. Rd6 Kf7 24. Rad1 Ke8 25. h4 h6 26. Bf3 Bb5 27. Bb7 Rb8 28. Bg2 g5 29. hxg5 hxg5 30. Bxg5 Bxe5 31. Re6 Rxd1+ 32. Nxd1 Bd4+ 33. Ne3 Bc5 34. Bxe7 Kd7 35. Re5 Re8 36. Rxc5 bxc5 37. Bxc5 a6 38. Bh3 Kc6 39. b4 Bd3 40. Bf1 Bxf1 41. Kxf1 Rd8 42. Ke2 Rh8 43. a4 a5 44. Nxf5 Rh2+ 45. Kf3 Ra2 46. Ne7+ Kd7 47. Nd5 Kc6 48. Ne7+ Kd7 49. Nf5 axb4 50. Bxb4 Rxa4 51. Bd2 Ke6 52. Ne3 Kf6 53. g4 Ra3 54. Bb4 Ra4 55. Bd6 Kg5 56. Be7+ Kg6 57. Ng2 Ra7 58. Nf4+ Kf7 59. Bc5 Ra4 60. g5 Ra5 61. g6+ Kg7 62. Bd4+ Kh6 63. Bf6 Rf5 64. g7 Kh7 65. Bd4 Rf7 66. Ke4 Rxg7 1/2-1/2

[Event "CAN-op"]
[Site "Edmonton CAN"]
[Date "2000.07.15"]
[Round "9"]
[White "Lipnowski, Michael"]
[Black "Strojevs, Alexander"]
[Result "1-0"]
[WhiteElo "1618"]
[BlackElo "1904"]
[PlyCount "53"]
[GameId "2160767911695022"]
[EventDate "2000.07.08"]
[EventType "swiss"]
[EventRounds "10"]
[EventCountry "CAN"]

1. d4 g6 2. c4 Bg7 3. Nc3 c5 4. d5 Bxc3+ 5. bxc3 d6 6. Nf3 Qa5 7. Qc2 Bf5 8. Qb3 Nf6 9. Bd2 O-O 10. e3 Ne4 11. Be2 Nxd2 12. Nxd2 Nd7 13. e4 Bxe4 14. Nxe4 a6 15. O-O Rab8 16. Rab1 h6 17. Rfe1 Rfe8 18. Bf1 Kg7 19. Re3 Kf8 20. Rbe1 b5 21. cxb5 axb5 22. c4 bxc4 23. Qxc4 f5 24. Nc3 Rb4 25. Qa6 Qd8 26. Bb5 Qc7 27. Qc6 1-0

[Event "CAN-op"]
[Site "Edmonton CAN"]
[Date "2000.07.15"]
[Round "9"]
[White "Long, Hugh"]
[Black "Pivovarov, Juraj"]
[Result "1/2-1/2"]
[WhiteElo "1928"]
[BlackElo "1677"]
[PlyCount "101"]
[GameId "2160767911695023"]
[EventDate "2000.07.08"]
[EventType "swiss"]
[EventRounds "10"]
[EventCountry "CAN"]

1. d4 Nf6 2. c4 g6 3. Nc3 d5 4. cxd5 Nxd5 5. e4 Nxc3 6. bxc3 Bg7 7. Bc4 O-O 8. Ne2 c5 9. O-O Nc6 10. Be3 cxd4 11. cxd4 a6 12. Rb1 Na5 13. Bd3 Bd7 14. Qd2 b5 15. Rbc1 Nc4 16. Bxc4 bxc4 17. Rc3 Qa5 18. Bh6 Bxh6 19. Qxh6 Qxa2 20. Ng3 Qa5 21. Rfc1 Rac8 22. e5 f6 23. Ne4 Qd5 24. exf6 exf6 25. Nd2 Qxd4 26. Nf3 Qd5 27. Nh4 Bf5 28. Nxf5 Qxf5 29. Rxc4 Rxc4 30. Rxc4 Qb5 31. Rc7 Qb1+ 32. Rc1 Qb7 33. h3 a5 34. Qf4 Qd5 35. Qe3 Ra8 36. Qe7 Qf7 37. Qd6 Ra7 38. Rc8+ Kg7 39. g4 Rd7 40. Qc5 Rd5 41. Qc6 Rd1+ 42. Kh2 Qd5 43. Qxd5 Rxd5 44. Ra8 Rd2 45. Rxa5 Rxf2+ 46. Kg3 Rf1 47. Kg2 Rf4 48. Kg3 g5 49. h4 h6 50. Ra7+ Kg8 51. Ra8+ 1/2-1/2

[Event "CAN-op"]
[Site "Edmonton CAN"]
[Date "2000.07.15"]
[Round "9"]
[White "MacFarlane, Donald"]
[Black "Ludwig, David"]
[Result "0-1"]
[WhiteElo "1484"]
[BlackElo "1801"]
[PlyCount "78"]
[GameId "2160767911695025"]
[EventDate "2000.07.08"]
[EventType "swiss"]
[EventRounds "10"]
[EventCountry "CAN"]

1. e4 Nf6 2. Nc3 d5 3. e5 Nfd7 4. d4 e6 5. Nf3 c5 6. Be3 cxd4 7. Bxd4 Nc6 8. Bb5 Nxd4 9. Qxd4 a6 10. Ba4 b5 11. Bb3 Nc5 12. O-O Be7 13. Qg4 O-O 14. Nd4 f5 15. exf6 Bxf6 16. Rfe1 e5 17. Nf5 Nxb3 18. axb3 g6 19. Nh6+ Kg7 20. Qd1 Kxh6 21. Nxd5 Bb7 22. Nxf6 Qxf6 23. Qd2+ Qf4 24. Re3 Rad8 25. Rh3+ Kg7 26. Qe1 Rd6 27. f3 Qd4+ 28. Kf1 Rf4 29. Qg3 Qxb2 30. Re1 Qd4 31. Qg5 Rd7 32. Qh6+ Kg8 33. Rg3 Rdf7 34. Qg5 Bxf3 35. gxf3 Rxf3+ 36. Kg2 Qf2+ 37. Kh3 Qxe1 38. Qd8+ Kg7 39. Qh4 Qf1+ 0-1

[Event "CAN-op"]
[Site "Edmonton CAN"]
[Date "2000.07.15"]
[Round "9"]
[White "MacFie, Bob"]
[Black "Gibson, Vince"]
[Result "1-0"]
[WhiteElo "1627"]
[BlackElo "1446"]
[PlyCount "95"]
[GameId "2160767911695026"]
[EventDate "2000.07.08"]
[EventType "swiss"]
[EventRounds "10"]
[EventCountry "CAN"]

1. f4 Nf6 2. Nf3 d6 3. e3 Bg4 4. h3 Bxf3 5. Qxf3 c6 6. b3 g6 7. Bb2 Bg7 8. Nc3 O-O 9. g4 e6 10. Ne2 Na6 11. a3 d5 12. Ng3 Nc5 13. d3 a5 14. g5 Ne8 15. Bxg7 Nxg7 16. h4 Nf5 17. h5 Nxg3 18. Qxg3 Kg7 19. Bg2 Rh8 20. Kd2 Qd6 21. d4 Nd7 22. Qf2 Raf8 23. h6+ Kg8 24. Rh3 f6 25. gxf6 Nxf6 26. Rg3 Kf7 27. Rg5 Ke7 28. Qh4 Kd7 29. c4 b6 30. Qh3 Kc7 31. Re5 Re8 32. Kc3 Nd7 33. cxd5 Nxe5 34. fxe5 Qd8 35. dxc6 Rhf8 36. Qg3 Rf7 37. Rc1 Qe7 38. Kb2 Ref8 39. Rc2 Rf5 40. Ka2 Qg5 41. Qe1 Qxh6 42. a4 Qh2 43. Kb2 Rg5 44. Bd5 Rg1 45. Rxh2 Rxe1 46. Rxh7+ Kb8 47. c7+ Kc8 48. Bxe6+ 1-0

[Event "CAN-op"]
[Site "Edmonton CAN"]
[Date "2000.07.15"]
[Round "9"]
[White "Mair, Bob"]
[Black "Lacroix, Peter"]
[Result "1/2-1/2"]
[WhiteElo "1695"]
[BlackElo "1423"]
[PlyCount "74"]
[GameId "2160767911695027"]
[EventDate "2000.07.08"]
[EventType "swiss"]
[EventRounds "10"]
[EventCountry "CAN"]

1. b4 c6 2. Bb2 Qb6 3. c3 a5 4. Na3 d5 5. Qb3 e6 6. bxa5 Qxb3 7. axb3 Rxa5 8. Nf3 Nd7 9. b4 Ra7 10. e3 Ngf6 11. Be2 Bd6 12. O-O O-O 13. Nc2 Rxa1 14. Rxa1 Nb8 15. Ra7 Na6 16. Ba3 b5 17. Nfd4 Bb8 18. Re7 Bd6 19. Ra7 Bb8 20. Re7 Bd7 21. Rxd7 Nxd7 22. Nxc6 Nc7 23. N2d4 Nb6 24. Bxb5 Nxb5 25. Nxb5 Nc4 26. Bc1 Ne5 27. Nbd4 Nxc6 28. Nxc6 Bd6 29. Nd4 Rc8 30. Nb3 Kf8 31. h3 Be5 32. Kf1 Bxc3 33. Ba3 Ra8 34. Na5 Bxd2 35. Ke2 Bxb4 36. Bxb4+ Ke8 37. Nc6 f6 1/2-1/2

[Event "CAN-op"]
[Site "Edmonton CAN"]
[Date "2000.07.15"]
[Round "9"]
[White "Martinson, Rick"]
[Black "Malito, Skylar"]
[Result "1-0"]
[WhiteElo "1750"]
[BlackElo "1505"]
[PlyCount "95"]
[GameId "2160767911695028"]
[EventDate "2000.07.08"]
[EventType "swiss"]
[EventRounds "10"]
[EventCountry "CAN"]

1. d4 Nf6 2. c4 d6 3. Nc3 g6 4. e4 Bg7 5. Bd3 Nbd7 6. Nge2 c5 7. d5 Ne5 8. O-O O-O 9. f4 Nxd3 10. Qxd3 Re8 11. Ng3 e6 12. f5 Ng4 13. Nce2 exd5 14. Qxd5 Nf6 15. Qd3 Qb6 16. Rb1 Bd7 17. Nc3 Bc6 18. h3 Rad8 19. Nd5 Nxd5 20. exd5 Bd7 21. f6 Bf8 22. Bf4 Qa5 23. a3 b5 24. b4 bxc4 25. Qd2 Qxa3 26. Rf3 Qa6 27. Bh6 Kh8 28. Rbf1 cxb4 29. Bg7+ Bxg7 30. fxg7+ Kg8 31. Rxf7 Qb6+ 32. Kh2 Qe3 33. Rf8+ Kxg7 34. Qxe3 Rxe3 35. Rxd8 Re7 36. Rf4 Bb5 37. Ne4 b3 38. Nc3 b2 39. Rf2 Ba4 40. Rxb2 Bb3 41. Rxd6 a5 42. Ra6 Re3 43. Ra7+ Kf6 44. Rf2+ Ke5 45. Re7+ Kd4 46. Rxe3 Kxe3 47. Rf3+ Kd4 48. d6 1-0

[Event "CAN-op"]
[Site "Edmonton CAN"]
[Date "2000.07.15"]
[Round "9"]
[White "McCusky, Louis"]
[Black "Smith, Maurice"]
[Result "1-0"]
[WhiteElo "1558"]
[BlackElo "1836"]
[PlyCount "49"]
[GameId "2160767911695030"]
[EventDate "2000.07.08"]
[EventType "swiss"]
[EventRounds "10"]
[EventCountry "CAN"]

1. e4 d6 2. d4 Nf6 3. Nc3 g6 4. Nf3 Bg7 5. Bf4 b6 6. Bd3 Bb7 7. e5 Nd5 8. Nxd5 Bxd5 9. O-O O-O 10. c3 Nd7 11. Re1 Re8 12. Ng5 dxe5 13. dxe5 e6 14. Bb5 Re7 15. Qc2 Bb7 16. Rad1 c6 17. Bd3 Qc7 18. Nf3 Nc5 19. h4 Nxd3 20. Qxd3 h5 21. Bg5 Ree8 22. Bf6 Bf8 23. Ng5 Be7 24. Nxe6 fxe6 25. Qxg6+ 1-0

[Event "CAN-op"]
[Site "Edmonton CAN"]
[Date "2000.07.15"]
[Round "9"]
[White "McLaughlin, Robert"]
[Black "Sutton, Jack"]
[Result "1-0"]
[WhiteElo "1288"]
[BlackElo "1331"]
[PlyCount "61"]
[GameId "2160767911695031"]
[EventDate "2000.07.08"]
[EventType "swiss"]
[EventRounds "10"]
[EventCountry "CAN"]

1. e4 e5 2. Nf3 Nc6 3. Bc4 Be7 4. Nc3 Nf6 5. O-O O-O 6. d3 b6 7. a3 Bb7 8. Nh4 a5 9. Nf5 Ba6 10. Ba2 g6 11. Nh4 Nd4 12. Bh6 Re8 13. Nf3 d6 14. Ng5 Rf8 15. Bxf8 Kxf8 16. Nxf7 Qd7 17. Ng5 Bd8 18. Ne2 c5 19. Nxd4 exd4 20. f4 Ng4 21. Rf3 Bxg5 22. fxg5+ Kg7 23. Rf7+ Qxf7 24. Bxf7 Bc8 25. Qf3 Bd7 26. h3 Ne5 27. Qf6+ Kf8 28. Bd5+ Ke8 29. Bxa8 Nf7 30. Rf1 Be6 31. Qxe6+ 1-0

[Event "CAN-op"]
[Site "Edmonton CAN"]
[Date "2000.07.15"]
[Round "9"]
[White "McMaster, Carolyn"]
[Black "Watson, Michael"]
[Result "0-1"]
[WhiteElo "1569"]
[BlackElo "1241"]
[PlyCount "74"]
[GameId "2160767911695032"]
[EventDate "2000.07.08"]
[EventType "swiss"]
[EventRounds "10"]
[EventCountry "CAN"]

1. e4 e5 2. Nf3 Nc6 3. d4 exd4 4. Nxd4 Nf6 5. Nxc6 bxc6 6. Bd3 d5 7. exd5 cxd5 8. O-O Bd6 9. Bb5+ Bd7 10. Re1+ Be7 11. Bxd7+ Qxd7 12. Bg5 O-O 13. Nd2 Rab8 14. b3 Rfe8 15. Nf3 Rbd8 16. Ne5 Qf5 17. f4 Bc5+ 18. Kh1 Ne4 19. Nd3 f6 20. Bh4 Bd4 21. g4 Qd7 22. f5 Bxa1 23. Qxa1 c5 24. Rg1 d4 25. Nf4 Qc6 26. Rg2 Nc3 27. Qf1 Re4 28. Qc4+ Kh8 29. Nh5 Re2 30. Nf4 Rxg2 31. Nxg2 Nd5 32. Kg1 Ne3 33. Nxe3 dxe3 34. Qe2 Rd2 35. Qf1 e2 36. Qh3 Rd1+ 37. Kf2 e1=Q# 0-1

[Event "CAN-op"]
[Site "Edmonton CAN"]
[Date "2000.07.15"]
[Round "9"]
[White "Milne, Arthur"]
[Black "Bowles, Charles"]
[Result "1-0"]
[WhiteElo "1929"]
[BlackElo "1632"]
[PlyCount "69"]
[GameId "2160767911695033"]
[EventDate "2000.07.08"]
[EventType "swiss"]
[EventRounds "10"]
[EventCountry "CAN"]

1. c4 e5 2. g3 g6 3. Bg2 Bg7 4. Nc3 d6 5. e4 Nf6 6. Nge2 Nc6 7. d3 h6 8. Nd5 Ne7 9. O-O c6 10. Nxf6+ Bxf6 11. Be3 c5 12. Nc3 Be6 13. Rb1 a6 14. b4 cxb4 15. Rxb4 b6 16. Rxb6 Bg5 17. f4 exf4 18. gxf4 Bf6 19. Nd5 Bxd5 20. cxd5 O-O 21. e5 Bg7 22. Rxd6 Qa5 23. Bb6 Qxa2 24. Rf2 Qa3 25. Rd7 Nc8 26. Be3 Rb8 27. Rc2 Rb3 28. Be4 Nb6 29. Rdc7 Rb8 30. d6 Bf8 31. Kg2 Na4 32. Qg4 Rb2 33. Rxb2 Qxb2+ 34. Bf2 Nc3 35. Bxg6 1-0

[Event "CAN-op"]
[Site "Edmonton CAN"]
[Date "2000.07.15"]
[Round "9"]
[White "Neufahrt, Gerhard"]
[Black "Hacatoglu, Kevork"]
[Result "1/2-1/2"]
[WhiteElo "2131"]
[BlackElo "2209"]
[PlyCount "142"]
[GameId "2160767911695034"]
[EventDate "2000.07.08"]
[EventType "swiss"]
[EventRounds "10"]
[EventCountry "CAN"]

1. Nf3 Nf6 2. d4 g6 3. Bg5 Bg7 4. Nbd2 O-O 5. e4 d6 6. Bc4 Nxe4 7. Nxe4 d5 8. Bd3 dxe4 9. Bxe4 c5 10. dxc5 Qa5+ 11. Qd2 Qxc5 12. c3 Nc6 13. O-O Be6 14. Be3 Qa5 15. Qe2 h6 16. Bd2 Ne5 17. Nxe5 Qxe5 18. Qf3 Qb5 19. b3 Rad8 20. c4 Qd7 21. Bc3 Bg4 22. Qg3 b6 23. Bxg7 Kxg7 24. h3 Be6 25. Rfe1 Qd6 26. Qf3 Qd4 27. Rac1 Qb2 28. Rc2 Qf6 29. Qg3 Rd6 30. Rce2 Rfd8 31. Re3 Rd2 32. a3 Ra2 33. Rf3 Qg5 34. a4 Qxg3 35. Rxg3 Rd6 36. f4 Kf6 37. h4 h5 38. Rge3 Rdd2 39. Bf3 Bg4 40. Be4 Bf5 41. Bf3 Bg4 42. Be4 Rab2 43. Rf1 e6 44. Rc1 Bd1 45. Rcc3 Ke7 46. c5 bxc5 47. Rxc5 Bxb3 48. Ra5 Kf6 49. Rxa7 Bd5 50. Bxd5 exd5 51. Rg3 Ra2 52. Ra6+ Kf5 53. Rg5+ Kxf4 54. Rf6+ Ke4 55. Rxf7 Rxa4 56. Re7+ Kd4 57. Rxg6 Kc3 58. Rc7+ Rc4 59. Rgc6 Rdd4 60. g3 Rd2 61. Kf1 Kd3 62. Rc5 Rxc5 63. Rxc5 Ke3 64. Rc3+ Ke4 65. Rc8 Kf3 66. Ke1 Re2+ 67. Kd1 Re5 68. Rg8 d4 69. Kd2 Ke4 70. g4 hxg4 71. Rxg4+ Kd5 1/2-1/2

[Event "CAN-op"]
[Site "Edmonton CAN"]
[Date "2000.07.15"]
[Round "9"]
[White "Newton, Geoff"]
[Black "Tsui, Edwin"]
[Result "1/2-1/2"]
[WhiteElo "2044"]
[BlackElo "1548"]
[PlyCount "80"]
[GameId "2160767911695035"]
[EventDate "2000.07.08"]
[EventType "swiss"]
[EventRounds "10"]
[EventCountry "CAN"]

1. e4 d6 2. d4 Nf6 3. Nc3 g6 4. h3 Bg7 5. Be3 Nbd7 6. Nf3 c5 7. d5 Qa5 8. Qd2 Qb4 9. Bd3 c4 10. Be2 Nc5 11. Bxc5 Qxc5 12. a4 Bd7 13. O-O O-O 14. e5 dxe5 15. Nxe5 Rfd8 16. Qf4 Bf5 17. g4 Nxd5 18. Nxd5 Bxe5 19. Qxe5 Rxd5 20. Qc3 Be6 21. Bxc4 Re5 22. Bxe6 fxe6 23. Qxc5 Rxc5 24. c3 Rd8 25. Rfe1 Kf7 26. Re3 a5 27. Rae1 Rc6 28. b4 axb4 29. cxb4 Rd4 30. Re4 Rxe4 31. Rxe4 Kf6 32. Kg2 e5 33. b5 Rc2 34. Rb4 Ra2 35. h4 h6 36. Kf3 Ke6 37. Kg3 Kd5 38. f3 Ra3 39. Re4 e6 40. Rb4 b6 1/2-1/2

[Event "CAN-op"]
[Site "Edmonton CAN"]
[Date "2000.07.15"]
[Round "9"]
[White "Nguyen, Kim"]
[Black "Neumann, Ralph"]
[Result "1-0"]
[WhiteElo "2043"]
[BlackElo "1707"]
[PlyCount "73"]
[GameId "2160767911695036"]
[EventDate "2000.07.08"]
[EventType "swiss"]
[EventRounds "10"]
[EventCountry "CAN"]

1. e4 c5 2. Nf3 Nc6 3. d4 cxd4 4. Nxd4 g6 5. Nc3 a6 6. Be3 Bg7 7. Be2 Nf6 8. Nb3 O-O 9. O-O d6 10. f4 e6 11. Bf3 Qc7 12. Qe2 b5 13. Rad1 b4 14. Na4 Bb7 15. Nb6 Rad8 16. Nc4 Rd7 17. Rd2 Ne7 18. Bb6 Qb8 19. Rfd1 Nc8 20. Bd4 Bxe4 21. Bxe4 Nxe4 22. Bxg7 Nxd2 23. Bxf8 Nxc4 24. Bh6 Qb6+ 25. Kh1 Nxb2 26. Rf1 Ne7 27. Nd2 Nf5 28. Ne4 Rc7 29. Bg5 Ne3 30. Nf6+ Kh8 31. Qf3 Qa7 32. Qh3 h5 33. Nxh5 f5 34. Nf6+ Kg7 35. Qh7+ Kf8 36. Qg8+ Ke7 37. Qe8# 1-0

[Event "CAN-op"]
[Site "Edmonton CAN"]
[Date "2000.07.15"]
[Round "9"]
[White "Nishida, Harold"]
[Black "Haynes, Nicolas"]
[Result "0-1"]
[WhiteElo "2037"]
[BlackElo "1795"]
[PlyCount "76"]
[GameId "2160767911695037"]
[EventDate "2000.07.08"]
[EventType "swiss"]
[EventRounds "10"]
[EventCountry "CAN"]

1. e4 c5 2. Nf3 d6 3. d4 cxd4 4. Nxd4 Nf6 5. f3 e5 6. Nb5 a6 7. N5c3 h6 8. Be3 Be6 9. Bd3 d5 10. exd5 Nxd5 11. Nxd5 Qxd5 12. Nc3 Bb4 13. O-O Bxc3 14. bxc3 Nc6 15. Rb1 O-O 16. a4 Rab8 17. Bb6 Rfc8 18. c4 Qd7 19. c3 Ne7 20. a5 Kh8 21. Qe2 Bf5 22. Bxf5 Qxf5 23. Ba7 Ra8 24. Rxb7 Ng6 25. Re1 Qe6 26. c5 Qd5 27. Reb1 Nf4 28. Qd1 Qa2 29. R1b2 Qxa5 30. Rxf7 Rxa7 31. Rxa7 Qxc5+ 32. Kf1 Qxa7 33. Qd6 Qc7 34. Rd2 Qxc3 35. Qd7 Qc4+ 36. Kf2 Qe6 37. Qa4 Qg6 38. Kf1 Rc1+ 0-1

[Event "CAN-op"]
[Site "Edmonton CAN"]
[Date "2000.07.15"]
[Round "9"]
[White "Osthoff, Dieter"]
[Black "Phimester, Alex"]
[Result "0-1"]
[WhiteElo "1610"]
[BlackElo "1479"]
[PlyCount "112"]
[GameId "2160767911695038"]
[EventDate "2000.07.08"]
[EventType "swiss"]
[EventRounds "10"]
[EventCountry "CAN"]

1. d4 d5 2. e4 dxe4 3. Nc3 Nf6 4. f3 exf3 5. Qxf3 e6 6. Qd1 Bb4 7. Bc4 O-O 8. Nge2 b6 9. O-O Bb7 10. Bg5 Be7 11. Qd2 Ne4 12. Bxe7 Nxd2 13. Bxd8 Rxd8 14. b3 Nxf1 15. Rxf1 c5 16. Nb5 cxd4 17. Nc7 Nc6 18. Nxa8 Bxa8 19. a3 Rd7 20. Nf4 e5 21. Ne2 Bb7 22. b4 Rc7 23. Re1 Ne7 24. Bb3 h6 25. Ng3 Ng6 26. Nf5 Rd7 27. Rd1 Be4 28. Ng3 Bd5 29. Bxd5 Rxd5 30. Ne4 f5 31. Nc3 Rd7 32. Ne2 Nf8 33. Kf2 g5 34. Ng3 g4 35. Nh5 Kf7 36. Ng3 Kg6 37. Ne2 Ne6 38. g3 Kg5 39. Rd2 f4 40. gxf4+ Nxf4 41. Nc3 Kf5 42. Rd1 e4 43. Ne2 e3+ 44. Kf1 Ke4 45. Nxf4 Kxf4 46. Ke2 h5 47. Rf1+ Ke4 48. Rd1 h4 49. Rg1 Rg7 50. Rg2 g3 51. h3 Rf7 52. a4 Rf2+ 53. Rxf2 gxf2 54. a5 Kf4 55. axb6 axb6 56. Kf1 Kf3 0-1

[Event "CAN-op"]
[Site "Edmonton CAN"]
[Date "2000.07.15"]
[Round "9"]
[White "Ottosen, David"]
[Black "Chranowski, Rick"]
[Result "0-1"]
[WhiteElo "2111"]
[BlackElo "1882"]
[PlyCount "40"]
[GameId "2160767911703231"]
[EventDate "2000.07.08"]
[EventType "swiss"]
[EventRounds "10"]
[EventCountry "CAN"]

1. e4 Nc6 2. Nc3 d6 3. f4 f5 4. d3 Nf6 5. Nf3 fxe4 6. dxe4 Bg4 7. Bc4 e5 8. O-O Qd7 9. f5 Nd4 10. Qd3 Bxf3 11. gxf3 c6 12. Be3 d5 13. Bb3 Nxb3 14. axb3 d4 15. Bf2 dxc3 16. Qxc3 Bd6 17. Rfd1 a6 18. Bg3 Qe7 19. Ra5 Nd7 20. Qd3 Bc7 0-1

[Event "CAN-op"]
[Site "Edmonton CAN"]
[Date "2000.07.15"]
[Round "9"]
[White "Palcic, Branko"]
[Black "Cable, Lindi"]
[Result "1-0"]
[WhiteElo "1676"]
[BlackElo "1312"]
[PlyCount "39"]
[GameId "2160767911703232"]
[EventDate "2000.07.08"]
[EventType "swiss"]
[EventRounds "10"]
[EventCountry "CAN"]

1. e4 g6 2. f4 Bg7 3. Nf3 d6 4. Be2 Nd7 5. d3 e6 6. c3 c5 7. Be3 Ne7 8. Nbd2 O-O 9. g4 e5 10. f5 a6 11. h4 h6 12. Nc4 Nb6 13. b3 Nxc4 14. bxc4 Qa5 15. Qd2 Nc6 16. Bxh6 Bxh6 17. Qxh6 Qxc3+ 18. Kf2 Rd8 19. f6 Bxg4 20. Qg7# 1-0

[Event "CAN-op"]
[Site "Edmonton CAN"]
[Date "2000.07.15"]
[Round "9"]
[White "Panjwani, Dilip"]
[Black "Carayanniotis, Jason"]
[Result "1-0"]
[WhiteElo "1599"]
[BlackElo "977"]
[PlyCount "125"]
[GameId "2160767911703234"]
[EventDate "2000.07.08"]
[EventType "swiss"]
[EventRounds "10"]
[EventCountry "CAN"]

1. e4 d5 2. exd5 Nf6 3. d4 Bg4 4. f3 Bf5 5. Bb5+ c6 6. dxc6 Qa5+ 7. Nc3 bxc6 8. Bd3 Bxd3 9. Qxd3 e6 10. Bd2 Be7 11. Ne4 Qb6 12. Rb1 O-O 13. b4 Rd8 14. c3 Nxe4 15. Qxe4 Na6 16. Ne2 Rab8 17. O-O Rb7 18. Be3 Bf6 19. a4 Nc7 20. c4 Qa6 21. b5 Qa5 22. Qxc6 Rdb8 23. Bf4 Qb6 24. Qxb6 axb6 25. Rfd1 Rd8 26. Be5 Bxe5 27. dxe5 Rxd1+ 28. Rxd1 Rb8 29. Rd7 Ne8 30. Nc3 Rc8 31. Rd4 f6 32. f4 f5 33. Kf2 Rc5 34. Kg3 g6 35. Kh4 h6 36. g4 g5+ 37. fxg5 hxg5+ 38. Kxg5 Rxe5 39. gxf5 Rxf5+ 40. Kh4 Nf6 41. Kg3 Rg5+ 42. Kf3 Rh5 43. h4 e5 44. Rd6 Rxh4 45. Rxf6 Rh3+ 46. Ke4 Rxc3 47. Rc6 Ra3 48. Kxe5 Rxa4 49. Kd5 Kf8 50. Rxb6 Ke8 51. c5 Kd7 52. c6+ Kc7 53. Rb7+ Kc8 54. b6 Ra6 55. Kd6 Ra3 56. Rc7+ Kb8 57. Re7 Rd3+ 58. Ke6 Re3+ 59. Kd7 Rd3+ 60. Ke8 Rd6 61. Rc7 Rd4 62. Rd7 Rc4 63. Rd8# 1-0

[Event "CAN-op"]
[Site "Edmonton CAN"]
[Date "2000.07.15"]
[Round "9"]
[White "Planas, Rodolfo"]
[Black "Rock, Dawn"]
[Result "1-0"]
[WhiteElo "1641"]
[BlackElo "1302"]
[PlyCount "59"]
[GameId "2160767911703235"]
[EventDate "2000.07.08"]
[EventType "swiss"]
[EventRounds "10"]
[EventCountry "CAN"]

1. e4 c5 2. Nc3 d6 3. g3 Nf6 4. h3 Bd7 5. Bg2 Nc6 6. d3 g6 7. Be3 Bg7 8. Qd2 O-O 9. Bh6 Ne8 10. Bxg7 Nxg7 11. g4 Rc8 12. Nd1 Ne5 13. Ne3 Qb6 14. b3 Ne6 15. Nd5 Qd8 16. f4 Nc6 17. c3 Ng7 18. Ne2 e6 19. Ne3 b5 20. O-O b4 21. c4 Qh4 22. Qe1 Qf6 23. g5 Qd8 24. Ng4 Nh5 25. Ng3 Nxg3 26. Qxg3 Nd4 27. Rf2 d5 28. Nf6+ Kg7 29. Qh4 Rh8 30. Qh6# 1-0